00347 2200145 4500001002100000008004100021035002000062245002600082100002200108260002100130300000700151082001100158650001200169990002000181INLIS000000000002035 ind  a0010-0824000796 aKancil dan Gong Ajaib aMB. Rahimsyah AR. bKarya Jayac2021 a24 a398.37 aDongeng a4478/BBTIV/2023